| 000 | 00536nam a2200193 u 4500 | ||
|---|---|---|---|
| 005 | 20220603063702.0 | ||
| 008 | 080610s1995 r 000 0 eng d | ||
| 020 | _a8420767026 | ||
| 035 | _aUPN01000156764 | ||
| 049 | _aI | ||
| 050 | 4 |
_aPZ73 _bV3.7 |
|
| 100 | 1 | _aVázquez, Javier | |
| 245 | 1 | 1 |
_a¡Qué mala cara tienes! / _cJavier Vázquez. |
| 260 |
_aMadrid : _bAnaya, _c1995. |
||
| 300 |
_a64 p. : _bil. col. |
||
| 440 | 3 |
_aEl duende verde ; _v81. _pA partir de 6 años |
|
| 650 | 4 |
_aCuentos infantiles _96744 |
|
| 905 | _aInfantil | ||
| 999 |
_c128878 _d128878 |
||